Lorenzo de Ávila, Juan de Borgoña II y su escuela (Record no. 156479)

MARC details
000 -LEADER
campo de control de longitud fija 01409nam a22003255i 4500
001 - NÚMERO DE CONTROL
campo de control 156479
003 - IDENTIFICADOR DE NÚMERO DE CONTROL
campo de control ES-MaACL
005 - FECHA Y HORA DE LA ÚLTIMA TRANSACCIÓN
campo de control 20251210193320.0
008 - DATOS DE LONGITUD FIJA--INFORMACIÓN GENERAL
campo de control de longitud fija 150120s2003 sp |||| | spa d
020 ## - NÚMERO INTERNACIONAL ESTÁNDAR DEL LIBRO
Número Internacional Estándar del Libro 84-931127-5-5
080 ## - NÚMERO DE LA CLASIFICACIÓN DECIMAL UNIVERSAL
Número de la Clasificación Decimal Universal 75 Lorenzo de Ávila
080 ## - NÚMERO DE LA CLASIFICACIÓN DECIMAL UNIVERSAL
Número de la Clasificación Decimal Universal 75 Juan de Borgoña
100 1# - ENTRADA PRINCIPAL--NOMBRE DE PERSONA
Nombre de persona Fiz Fuertes, Irune.
9 (RLIN) 156146
245 10 - MENCIÓN DEL TÍTULO
Título Lorenzo de Ávila, Juan de Borgoña II y su escuela
Resto del título : la recepción del Renacimiento en tierras de Zamora y León /
Mención de responsabilidad, etc. Irune Fiz Fuertes.
260 ## - PUBLICACIÓN, DISTRIBUCIÓN, ETC.
Lugar de publicación, distribución, etc. Benavente :
Nombre del editor, distribuidor, etc. Centro de Estudios Benaventanos "Ledo del Pozo",
Fecha de publicación, distribución, etc. 2003.
300 ## - DESCRIPCIÓN FÍSICA
Extensión 185 p. :
Otras características físicas il. col. ;
Dimensiones 25 cm.
490 1# - MENCIÓN DE SERIE
Mención de serie Exposiciones y catálogos ;
Designación de volumen o secuencia 6
500 ## - NOTA GENERAL
Nota general Incluye (p. 165-176) apéndice documental.
504 ## - NOTA DE BIBLIOGRAFÍA, ETC.
Nota de bibliografía, etc. Bibliografía: p. 177-182. Índices.
600 17 - PUNTO DE ACCESO ADICIONAL DE MATERIA--NOMBRE DE PERSONA
Nombre de persona Lorenzo de Ávila,
Fechas asociadas al nombre m. 1570
Fuente del encabezamiento o término
9 (RLIN) 156147
600 14 - PUNTO DE ACCESO ADICIONAL DE MATERIA--NOMBRE DE PERSONA
Nombre de persona Juan de Borgoña
Títulos y otros términos asociados al nombre el joven (
Fechas asociadas al nombre ca. 1500-ca. 1565)
9 (RLIN) 156148
650 #4 - PUNTO DE ACCESO ADICIONAL DE MATERIA--TÉRMINO DE MATERIA
Término de materia o nombre geográfico como elemento de entrada Arte renacentista-
Subdivisión geográfica España.
9 (RLIN) 145372
655 #7 - TERMINO DE INDIZACIÓN--GENERO/FORMA
Fuente del término tgfbne
9 (RLIN) 193628
Datos o término principal de género/forma Catálogos de exposiciones
710 2# - ENTRADA AGREGADA--NOMBRE DE ENTIDAD CORPORATIVA
Nombre de entidad corporativa o nombre de jurisdicción como elemento de entrada Centro de Estudios Benaventanos "Ledo del Pozo"
9 (RLIN) 144530
830 00 - PUNTO DE ACCESO ADICIONAL DE SERIE-TÍTULO UNIFORME
Título uniforme Exposiciones y catálogos
Designación de volumen o secuencia 6
9 (RLIN) 187714
852 ## - LOCALIZACIÓN
Ubicación ES-MaACL
Número de control de estantería A-13321
itemnumber 162241
Sublocalización o colección R.150320
Ubicación en estantería Sala Pecera Planta 1
Signatura antigua Olim: N-6321
Donativo/Legado Donación: Centro de Estudios Benaventanos
914 ## - NOMBRE ENTIDAD DE DONANTE
RLIN 144530
Nombre de congreso/reunión o jurisdicción como elemento de entrada Centro de Estudios Benaventanos "Ledo del Pozo"
Unidad subordinada Donante
942 ## - ELEMENTOS DE ENTRADA SECUNDARIOS (KOHA)
Fuente del sistema de clasificación o colocación Clasificación decimal universal
Tipo de ítem Koha Libro impreso
Holdings
Estatus retirado Estado de pérdida Fuente del sistema de clasificación o colocación Estado de daño No para préstamo Biblioteca de origen Biblioteca actual Ubicación en estantería Fecha de adquisición Fuente de adquisición Total de préstamos Signatura topográfica completa Código de barras Visto por última vez Precio de reemplazo Tipo de ítem Koha
    Clasificación decimal universal     Biblioteca del Ateneo de Madrid Biblioteca del Ateneo de Madrid Depósito 1 17/01/2008 Donación   A-13321 1163711 23/02/2023 23/02/2023 Libro impreso